000 00730nam a2200265Ia 4500
003 OSt
005 20220928130340.0
006 a|||||r|||| 00| 0
007 ta
008 220927b |||||||| |||| 00| 0 eng d
020 _c750
024 _a118923
037 _b049, 03/07/2013, Classic Book Service
_cTextual
040 _aSDCL
_cSDCL
_beng
041 _2eng
_aeng
082 _aY31.2'P, K9
100 _aDesai A.R
_9416443
245 0 _aRural sociology in India.
250 _a5th
260 _aMumbai
_bPopular Prakashan
_c2012
300 _axx,968p
_ccm.
650 _aReference
942 _hY31.2'P, K9
_cTEXL
_2CC
999 _c786215
_d786215